000 00520nam a2200181Ia 4500
008 090123s9999 xx 000 0 und d
082 _b536
_a891.463/खांडेक
100 _aखांडेकर वि.स.
245 _aदोन मने
250 _a4
260 _bदेशमुख रा.ज.
300 _a263
600 _aखांडेकर वि.स.
630 _aदोन मने
700 _aखांडेकर वि.स.
730 _aदोन मने
942 _cBOOK
999 _c38623
_d38623